000 00761cam a2200241 a 4500
005 20260322212038.0
008 data
010 _a 91008873
020 _a0895773929
020 _a9780895773920
040 _aDLC
_cDLC
_dDLC
043 _aaw-----
_aff-----
_aaw-----
050 0 0 _aBR162.2
_b.A34 1992
082 0 0 _a270.1
_220
092 _a270.1 A34 1992
245 1 0 _aAfter Jesus :
_bthe triumph of Christianity.
_cReader's Digest NY.
260 _aPlesantville, N.Y. :
_bReader's Digest Association,
_cc1992.
300 _a352 p. :
_bcol. ill., maps ;
_c22 x 26 cm.
504 _aIncludes bibliographical references (p. 333-337) and index.
650 0 _aChurch history
_yPrimitive and early church, ca. 30-600.
720 2 _aReader's Digest NY.
001 data
999 _c893
_d893